<The> Poznań University of economics review

Na minha lista:
Detalhes bibliográficos
Formato: Periódico
Idioma:polonês
Publicado em: Poznań Akademia Ekonomiczna Poznań 2003
Assuntos:
Tags: Adicionar Tag
Sem tags, seja o primeiro a adicionar uma tag!

MARC

LEADER 00000nas2a2200000$$$4500
001 0052759
005 20230317103831.8
022 |a 1643-5877 
041 0 |a pol 
044 |a PL 
245 1 0 |a <The> Poznań University of economics review 
264 1 |a Poznań  |b Akademia Ekonomiczna Poznań  |c 2003 
773 0 |w eu_un_cat*0006138 
610 2 0 |a teórie ekonomické 
610 2 0 |a veda ekonomická